Biblioteca

Ensayo sobre los orígenes del cristianismo : de la religión política de Jesús a la religión doméstica de Pablo / Rafael Aguirre (Registro nro. 45052)

Detalles MARC
000 -LÍDER
Campo fijo de descripción fija 010590000a22002050004500
020 ## - NÚMERO INTERNACIONAL NORMALIZADO PARA LIBROS
Número Internacional Normalizado del libro 978-84-8169-463-5
082 04 - NÚMERO DE CLASIFICACIÓN DECIMAL DEWEY
Número de clasificación G 270.072 A2841e
001 - NÚMERO DE CONTROL
Campo de control 18637
100 1# - ASIENTO PRINCIPAL--NOMBRE PERSONAL
Nombre personal Aguirre, Rafael
245 10 - TÍTULO
Título del Material Ensayo sobre los orígenes del cristianismo : de la religión política de Jesús a la religión doméstica de Pablo / Rafael Aguirre
260 ## - PUBLICACIÓN, DISTRIBUCIÓN, ETC. (PIE DE IMPRENTA)
Lugar de publicación, distribución, etc. Estella, Navarra : Verbo Divino
300 ## - DESCRIPCIÓN FÍSICA
Extensión 190 páginas
336 ## - CONTENT TYPE
Content type term texto
Content type code txt
Source rdacontent
337 ## - MEDIA TYPE
Source rdamedia
Media type term sin mediación
Media type code n
338 ## - CARRIER TYPE
Source rdacarrier
Carrier type term volumen
Carrier type code nc
501 ## - NOTA DE “CON”
Nota de Contenido rústico
505 00 - NOTA DE CONTENIDO
Nota de contenido con formato preestablecido El reino de Dios: la religión política de Jesús -- La tensa relación entre Iglesia y Reino de Dios -- La estrategia evangelizadora de Pablo: la religión doméstica -- Conflicto y paz en la Biblia -- El extranjero en el cristianismo primitivo -- Los caminos del Espíritu: Felipe, Pedro, Pablo -- La fe en Dios como libertad -- El poder en la Iglesia según el Nuevo Testamento
650 14 - ASIENTO SECUNDARIO DE MATERIA - TERMINO TEMÁTICO
Término temático o nombre geográfico como elemento de entrada BIBLIA N.T. \ CRISTIANISMO Y POLITICA \ IGLESIA - HISTORIA \ IGLESIA PRIMITIVA
942 ## - TIPO DE MATERIAL (KOHA)
Tipo de Item KOHA Libros General
Existencias
Estado de Material Estado de Perdido Estado de Dañado No para Préstamo Colección Tomo Biblioteca de Origen Biblioteca Permanente Fecha de Adquisición Total de Préstamos Signatura Topográfica Código de Barras Última vez visto Última vez Préstado Ejemplar/Existencia Fecha de Remplazo Tipo de Material
        Colección General   Biblioteca FUSBC Biblioteca FUSBC 02/10/2014 1 G 270.072 A2841e 18621 12/12/2019 17/08/2017 1 26/01/2016 Libros General

Biblioteca FUSBC | Teléfono: (57+4) 349 88 10 Ext. 141| WhatsApp (+57) 3005338115 
E-mail: biblioteca@unisbc.edu.co | Calle 76 87-14 Robledo Palenque, Medellín, Colombia

Con tecnología Koha